| 000 | 01448cam a2200337 4500 | ||
|---|---|---|---|
| 001 | 787916 | ||
| 003 | ARRUPE | ||
| 005 | 20220524100947.0 | ||
| 008 | 740521s1975 njua b 101 0 eng | ||
| 010 | _a 74002965 | ||
| 020 |
_a0691046255 _a0691100241 (pbk.) |
||
| 040 |
_aDLC _cDLC _dDLC |
||
| 043 |
_an------ _as------ |
||
| 050 | 0 | 0 |
_aHT1048 _b.R33 |
| 082 | 0 | 0 | _a301.44/93/091812 |
| 245 | 0 | 0 |
_aRace and slavery in the Western Hemisphere; _bquantitative studies. _cEdited by Stanley L. Engerman and Eugene D. Genovese. Contributors: Alan H. Adamson [and others] |
| 260 |
_aPrinceton, _bPrinceton University Press, _c1975. |
||
| 300 |
_axv, 556 p. _billus. _c25 cm. |
||
| 440 | 0 |
_aQuantitative studies in history _951805 |
|
| 500 | _aPapers presented at a conference held at the University of Rochester, Mar. 9-11, 1972, sponsored by the History Advisory Committee of the Mathematical Social Science Board. | ||
| 504 | _aIncludes bibliographical references. | ||
| 650 | 0 |
_aSlavery _zAmerica _vCongresses. _951806 |
|
| 650 | 0 |
_aSlave trade _vCongresses. _951807 |
|
| 651 | 0 |
_aAmerica _xRace relations _vCongresses. _951808 |
|
| 700 | 1 |
_aEngerman, Stanley L., _eed. _951809 |
|
| 700 | 1 |
_aGenovese, Eugene D., _d1930-2012, _eed. _951810 |
|
| 700 | 1 |
_aAdamson, Alan H. _951811 |
|
| 710 | 2 |
_aMathematical Social Science Board. _bHistory Advisory Committee. _951812 |
|
| 906 |
_a7 _bcbc _corignew _d1 _eocip _f19 _gy-gencatlg |
||
| 942 |
_2lcc _cMONOGRAPH |
||
| 999 |
_c131508 _d131508 |
||